Spanish 5000 #25 - Verbs (Extreme) - Statistics

General Stats
  • This quiz has been taken 96 times
  • The average score is 25 of 275
Answer Stats
English Spanish % Correct
to assimilate asimilar
50%
to attend asistir
50%
to baptize, christen bautizar
50%
to feed, support alimentar
43%
to boil hervir
43%
to crash into, collide with chocar
36%
to conclude, finish concluir
36%
to flee, run away huir
36%
to mature, ripen madurar
36%
to complain quejar
36%
to consent, agree, accede acceder
29%
to annotate, jot, note anotar
29%
to attract atraer
29%
to cross atravesar
29%
to dare atrever
29%
to base on, base upon basar
29%
to get, acquire, obtain conseguir
29%
to throw, cast echar
29%
to spit escupir
29%
to feign, pretend fingir
29%
to hit, strike golpear
29%
to try, attempt intentar
29%
to f**k, screw (around/up) joder
29%
to fight, struggle pelear
29%
to pick up recoger
29%
to stroke, fondle, caress acariciar
21%
to welcome, accept acoger
21%
to isolate, insulate aislar
21%
to lighten, relieve, comfort aliviar
21%
to flatten, crush, smash aplastar
21%
to wager, bet apostar
21%
to squeeze, tighten, compress apretar
21%
to throw, fling arrojar
21%
to settle, establish, locate asentar
21%
to shine, twinkle, be outstanding brillar
21%
to behave comportar
21%
to hire, contract contratar
21%
to sew coser
21%
to bring up, rear criar
21%
to knock down, overthrow derribar
21%
to emphasize, stand out destacar
21%
to bury enterrar
21%
to age, grow old envejecer
21%
to demand exigir
21%
to expel, throw out expulsar
21%
to record, engrave grabar
21%
to flood, inundate inundar
21%
to send, order mandar
21%
to hide ocultar
21%
to swallow tragar
21%
to overcome, conquer vencer
21%
to encompass, comprise abarcar
14%
to attend, go to, frequent acudir
14%
to sharpen afilar
14%
to loosen aflojar
14%
to store, keep almacenar
14%
to threaten amenazar
14%
to speed up, hurry up apurar
14%
to burn, glow arder
14%
to drag, pull arrastrar
14%
to wrinkle, crumple arrugar
14%
to amaze, astound asombrar
14%
to beat (object) batir
14%
to compromise comprometer
14%
to convict, condemn condenar
14%
to conquer, win (over) conquistar
14%
to consecrate, establish consagrar
14%
to claim, sue demandar
14%
to shed, pour out derramar
14%
to defy, stand up to desafiar
14%
to slide, glide, slip deslizar
14%
to shoot (at) disparar
14%
to have means, dispose disponer
14%
to soak, drench empapar
14%
to entrust, [se] take charge of encargar
14%
to shrink encoger
14%
to emphasize, stress enfatizar
14%
to enrich enriquecer
14%
to make an effort, exert oneself esforzar
14%
to stretch, strain estirar
14%
to expound, expose exponer
14%
to pass away (to die) fallecer
14%
to flower, bloom, flourish florecer
14%
to brake, restrain frenar
14%
to rub, scrub frotar
14%
to moan, groan gemir
14%
to sense in advance presentir
14%
to reject rechazar
14%
to pray, recite rezar
14%
to implore, pray, ask rogar
14%
to dye teñir
14%
to tempt, entice tentar
14%
to pour, spill, shed verter
14%
to conenct, link, bind vincular
14%
to happen, come about acontecer
7%
to duck, bend down agachar
7%
to endure, put up with aguantar
7%
to drown, choke, flood ahogar
7%
to host, accommodate alojar
7%
to dawn, become light amanecer
7%
to tie, fasten amarrar
7%
to move away, separate apartar
7%
to call upon, appeal to apelar
7%
to provide, contribute aportar
7%
to start (machine), uproot arrancar
7%
to snatch, grab arrebatar
7%
to assent, agree asentir
7%
to attack, attempt, threaten atentar
7%
to investigate, find out averiguar
7%
to nail clavar
7%
to charge (money) cobrar
7%
to verify, prove comprobar
7%
to move, affect conmover
7%
to contract, shrink, abbreviate contraer
7%
to crunch, creak crujir
7%
to defeat, beat derrotar
7%
to knock down, demolish derrumbar
7%
to overflow, spill over desbordar
7%
to decipher descifrar
7%
to unleash, unchain desencadenar
7%
to clear up, unwrap desenvolver
7%
to despair, lose hope desesperar
7%
to spread (out) difundir
7%
to disguise, hide, conceal disfrazar
7%
to move, make/get excited emocionar
7%
to insert, fit well encajar
7%
harden, make hard endurecer
7%
to cool enfriar
7%
to trick, deceive engañar
7%
to link, connect enlazar
7%
to madden, derange enloquecer
7%
to frame enmarcar
7%
to entangle, ensnare enredar
7%
to intone, sing, modulate entonar
7%
to scare, frighten espantar
7%
to tighten, make closer estrechar
7%
to use for the first time, debut estrenar
7%
to foster, promote, encourage fomentar
7%
to fail, be unsuccessful fracasar
7%
to melt, cast, smelt fundir
7%
to manage, handle gestionar
7%
to sink, submerge hundir
7%
to push, promote, drive impulsar
7%
to increase incrementar
7%
to register, record inscribir
7%
to involve involucrar
7%
to beat (heart) latir
7%
to pray, speak orar
7%
to talk, chat platicar
7%
to prevail prevalecer
7%
to reinforce, strengthen reforzar
7%
to water, irrigate regar
7%
to bring, report reportar
7%
to rest, lie down reposar
7%
to slip resbalar
7%
to portray, draw retratar
7%
to touch (lightly) rozar
7%
to shake, jolt sacudir
7%
to release, loosen, let out soltar
7%
to cover, wrap tapar
7%
to sew, weave tejer
7%
to twist, bend, distort torcer
7%
to draw, trace trazar
7%
to trip, stumble tropezar
7%
to knock over, cast down tumbar
7%
to roam, wander vagar
7%
to lie, be located yacer
7%
to be plentiful abundar
0%
to grasp, clutch aferrar
0%
to lodge, harbor albergar
0%
to plead, argue alegar
0%
to encourage alentar
0%
to life, raise alzar
0%
to gather, accumulate amontonar
0%
to protect, shelter amparar
0%
to appear, show, stick (out) asomar
0%
to embroider bordar
0%
to offer brindar
0%
to sprout brotar
0%
to dirty, crap cagar
0%
to qualify, prepare capacitar
0%
to be without carecer
0%
to slip in [se] colar
0%
to materialize, fulfill concretar
0%
to involve, bring conllevar
0%
to prove, verify constatar
0%
to delay, take time demorar
0%
to flow, lead into desembocar
0%
to carry out, fulfill desempeñar
0%
to unfold, deploy desplegar
0%
to deprive, rob despojar
0%
to despise, scorn despreciar
0%
to detach, release, remove desprender
0%
to rip/break into pieces destrozar
0%
to distinguish, perceive divisar
0%
to endow, bestow dotar
0%
to carry out, cause to happen efectuar
0%
to make, develop elaborar
0%
[se] to insist on empeñar
0%
to undertake, embark on emprender
0%
to test ensayar
0%
to find out [se] enterar
0%
to obstruct entrabar
0%
to glimpse, guess entrever
0%
to straighten, raise erguir
0%
to drip, drain, trickle escurrir
0%
to break out, explode, start estallar
0%
to crash estrellar
0%
to shake, tremble estremecer
0%
to influence, affect incidir
0%
to anger indignar
0%
to lead to inducir
0%
to join, deposit, admit ingresar
0%
to confine internar
0%
to let go, start out largar
0%
to tie, link, bind ligar
0%
to show (off), shine lucir
0%
to express, show manifestar
0%
guide, show the way orientar
0%
to give rise (to), cause originar
0%
to give, grant, award otorgar
0%
to suffer padecer
0%
to feel, touch, fondle palpar
0%
to give birth parir
0%
to inform, become aware percatar
0%
to endanger perjudicar
0%
to capture, catch pillar
0%
to propose, present plantear
0%
to express, capture plasmar
0%
to behave [se], carry portar
0%
to strengthen, boost potenciar
0%
to plunge, hurl, rush precipitar
0%
to turn on, apprehend prender
0%
to deepen, analyze in depth profundizar
0%
to favor, foster, aid propiciar
0%
to supply proporcionar
0%
to rot, decay pudrir
0%
to break, bend, weaken quebrar
0%
to lie, be situated radicar
0%
to scratch, scrape rascar
0%
to demand, require reclamar
0%
to travel, cover (distance) recorrer
0%
to lean recostar
0%
to resort to recurrir
0%
to edit, write, compose redactar
0%
to take shelter, give refuge refugiar
0%
to rule, govern, manage regir
0%
to finish off, finish up rematar
0%
to go back to (time) remontar
0%
[se] to give in, to render rendir
0%
to divide, deliver, distribute repartir
0%
to emphasize resaltar
0%
to subtract, minimize restar
0%
to burst, puncture reventar
0%
to surround rodear
0%
patrol, serenade rondar
0%
to splash, splatter salpicar
0%
to sow, plant sembrar
0%
to be too much, left over sobrar
0%
to endure, stand (something) soportar
0%
to fasten, attach, hold sujetar
0%
to supply, provide suministrar
0%
to sink, plunge sumir
0%
to appear, spring (forth) surgir
0%
to arouse, provoke suscitar
0%
to endorse, subscribe suscribir
0%
to run into, bump into topar
0%
to roam, go by transitar
0%
to move, transfer trasladar
0%
to go beyond, cross over traspasar
0%
to climb trepar
0%
to find, locate ubicar
0%
to watch over velar
0%
to turn/knock over, empty volcar
0%
to turn over, turn around voltear
0%
No matching quizzes found
Score Distribution
Percent of People with Each Score
Percentile by Number Answered
Your Score History
You have not taken this quiz